MARC

LEADER 00000nam0a2200000 4500
001 285900
005 20231101235835.0
020 |a RU  |b 84-69518 
035 |a (RuTPU)RU\TPU\book\310187 
090 |a 285900 
100 |a 20150302d1984 k y0rusy5003 ca 
101 0 |a rus 
102 |a RU 
105 |a a z 001zy 
200 1 |a Синтез управляющих устройств в однородных средах  |f И. С. Визирев [и др.]  |g Академия наук СССР (АН СССР), Институт проблем передачи информации (ИППИ) ; под ред. В. И. Сифорова 
210 |a Москва  |c Наука  |d 1984 
215 |a 166 с.  |c ил. 
300 |a Авт. указаны на обороте тит. л. 
320 |a Библиография в конце глав 
606 1 |a Управляющие машины электронные  |2 stltpush  |3 (RuTPU)RU\TPU\subj\63106  |9 80152 
610 1 |a цифровые автоматы 
610 1 |a синтез 
610 1 |a однородные среды 
610 1 |a логический синтез 
610 1 |a методы 
610 1 |a комбинированные схемы 
610 1 |a логические модули 
675 |a 681.323  |z rus  |v 3 
701 1 |a Визирев  |b И. С. 
701 1 |a Гузик  |b В. Ф. 
701 1 |a Донианц  |b В. Н. 
701 1 |a Дончева  |b Н. Б. 
702 1 |a Сифоров  |b В. И.  |g Владимир Иванович  |4 340 
712 0 2 |a Академия наук СССР (АН СССР)  |b Институт проблем передачи информации (ИППИ)  |c (Москва)  |2 stltpush  |3 (RuTPU)RU\TPU\col\12444 
801 0 |a RU  |b RuMRKP  |c 19950704  |g psbo 
801 1 |a RU  |b 63413507  |c 20150302 
801 2 |a RU  |b 63413507  |c 20180110  |g RCR 
942 |c BK